[Event "Sparkassen-Open B"]
[Site "Heusenstamm, Martinsee"]
[Date "2019.11.21"]
[Round "1.56"]
[White "Bakó, Evelin"]
[Black "Emrich, Franz"]
[Result "0-1"]
[WhiteElo "1240"]
[BlackElo "1572"]
[PlyCount "132"]
[EventDate "2019.??.??"]
[WhiteTeam "TSV Langenau"]
[BlackTeam "SC Lambsheim"]

1. e4 e6 2. d4 d5 3. Nd2 dxe4 4. Nxe4 Bd7 5. Nf3 Bc6 6. Bd3 Bxe4 7. Bxe4 c6 8.
O-O Nf6 9. Bd3 Bd6 10. Be3 Nbd7 11. Re1 O-O 12. c3 Qc7 13. Qc2 Rfe8 14. h3 Nf8
15. Rad1 Rac8 16. Qb3 a6 17. Bg5 Be7 18. c4 h6 19. Bh4 b5 20. Bg3 Qd8 21. c5
Nd5 22. Qa3 a5 23. Ne5 Nb4 24. Qb3 Bf6 25. Nf3 Nxd3 26. Qxd3 Nd7 27. a3 Be7 28.
b3 Bf6 29. Bd6 Be7 30. Bg3 Bf6 31. Bd6 Nb8 32. b4 a4 33. Re4 Nd7 34. Rde1 Be7
35. Bg3 Nf6 36. R4e2 Nd5 37. Ne5 Bf6 38. Qf3 Bxe5 39. Bxe5 Qd7 40. Qg4 f6 41.
Bg3 f5 42. Qg6 Qf7 43. Qxf7+ Kxf7 44. Bd6 g6 45. g4 f4 46. Re4 g5 47. h4 Nf6
48. R4e2 Nxg4 49. f3 Ne3 50. hxg5 hxg5 51. Kh2 Rh8+ 52. Kg1 Rh5 53. Rf2 Rch8
54. Rg2 Nxg2 55. Kxg2 Rh2+ 56. Kf1 Rh1+ 57. Ke2 Rxe1+ 58. Kxe1 Rh1+ 59. Ke2 Ra1
60. Kd3 Rxa3+ 61. Ke2 Rb3 62. Kf2 Kf6 63. Be5+ Kf5 64. Ke2 a3 65. d5 exd5 66.
Bd4 Rxb4 0-1

[Event "Sparkassen-Open B"]
[Site "Heusenstamm, Martinsee"]
[Date "2019.11.21"]
[Round "1.57"]
[White "Tobias, Karolin"]
[Black "Stepanov, Maximilian"]
[Result "0-1"]
[WhiteElo "1261"]
[BlackElo "1561"]
[PlyCount "62"]
[EventDate "2019.??.??"]
[WhiteTeam "SV Oberursel"]
[BlackTeam "SK Gräfelfing"]

1. e4 e6 2. d4 d5 3. e5 c5 4. c3 Nc6 5. Nf3 f6 6. Be2 cxd4 7. cxd4 fxe5 8. dxe5
Bc5 9. O-O Nge7 10. Nc3 O-O 11. Re1 Ng6 12. Bd3 Nce7 13. Qc2 Nf5 14. a3 Nd4 15.
Nxd4 Bxd4 16. Nd1 Qe8 17. Qd2 Bb6 18. Qg5 Qf7 19. Qg3 Bd7 20. Bd2 Ba4 21. Rf1
Nf4 22. Bxf4 Qxf4 23. Qxf4 Rxf4 24. Nc3 Bc6 25. Ne2 Rf7 26. Ng3 Raf8 27. Kh1
Rxf2 28. Rxf2 Rxf2 29. h3 Rxb2 30. Bf1 Bd4 31. Re1 Bf2 0-1

[Event "Sparkassen-Open B"]
[Site "Heusenstamm, Martinsee"]
[Date "2019.11.21"]
[Round "1.58"]
[White "Neininger, Sarah"]
[Black "Lietz, Helmuth"]
[Result "0-1"]
[WhiteElo "1255"]
[BlackElo "1519"]
[PlyCount "54"]
[EventDate "2019.??.??"]
[WhiteTeam "SV Oberursel"]
[BlackTeam "SC Taunusstein"]

1. e4 e6 2. d4 d5 3. exd5 exd5 4. Nf3 Bd6 5. Nc3 c6 6. Bd3 Nf6 7. O-O O-O 8.
Bg5 Bg4 9. h3 Bh5 10. Re1 Nbd7 11. Bf5 Qc7 12. Qd3 h6 13. Bxf6 Nxf6 14. Ne5
Rae8 15. Bg4 Bxe5 16. Bxh5 Nxh5 17. dxe5 Rxe5 18. Rxe5 Qxe5 19. Ne2 Re8 20. Ng3
Nxg3 21. Qxg3 Qxb2 22. Rf1 Qxc2 23. a3 d4 24. f4 d3 25. f5 d2 26. f6 g6 27. Qf3
Re1 0-1

[Event "Sparkassen-Open B"]
[Site "Heusenstamm, Martinsee"]
[Date "2019.11.21"]
[Round "1.59"]
[White "Behr, Julian"]
[Black "Bakó, Isabella"]
[Result "1-0"]
[WhiteElo "1562"]
[BlackElo "1177"]
[PlyCount "53"]
[EventDate "2019.??.??"]
[WhiteTeam "SC Landskrone"]
[BlackTeam "TSV Langenau"]

1. e4 c5 2. Nf3 d6 3. d4 cxd4 4. Nxd4 Nf6 5. Nc3 g6 6. Bc4 Bg7 7. f3 O-O 8. Be3
Nc6 9. Qd2 Bd7 10. O-O Rc8 11. Nxc6 Bxc6 12. Bb3 b6 13. Bh6 Qd7 14. Rad1 b5 15.
Rfe1 Rfd8 16. Bxg7 Kxg7 17. Qe3 Rc7 18. e5 Nh5 19. g4 a5 20. e6 fxe6 21. Bxe6
Qe8 22. gxh5 gxh5 23. Rd2 Qg6+ 24. Rg2 Rf8 25. Rxg6+ Kxg6 26. Ne4 Rf6 27. Qg5#
1-0

[Event "Sparkassen-Open B"]
[Site "Heusenstamm, Martinsee"]
[Date "2019.11.21"]
[Round "1.60"]
[White "de Boer, Alex"]
[Black "Ghaznavi, Massoud"]
[Result "0-1"]
[WhiteElo "1094"]
[BlackElo "1562"]
[PlyCount "80"]
[EventDate "2019.??.??"]
[WhiteTeam "SK Bickenbach"]
[BlackTeam "SV Oberursel"]

1. e4 c6 2. d4 d5 3. f3 h6 4. Nc3 e6 5. Be3 Bb4 6. Bd3 Ne7 7. Nge2 Ng6 8. O-O
O-O 9. a3 Be7 10. e5 Bg5 11. Qd2 f5 12. exf6 Qxf6 13. f4 Bh4 14. g3 Nd7 15.
gxh4 Nxh4 16. Ng3 Qe7 17. Qe2 c5 18. dxc5 Nxc5 19. Bxc5 Qxc5+ 20. Kh1 Bd7 21.
Qf2 Qd6 22. Bb5 Bc8 23. Nh5 Nf5 24. Bd3 d4 25. Ne4 Qd5 26. Qg2 Kh8 27. Rfe1 Rg8
28. Kg1 Bd7 29. Nhg3 Nh4 30. Qf2 Raf8 31. Ne2 Nf5 32. N4g3 Ne3 33. Be4 Qd6 34.
Nf1 Ng4 35. Qg3 Nf6 36. Bd3 Bc6 37. Bc4 Nh5 38. Qg6 Nxf4 39. Nxf4 Qxf4 40. Bd3
Qf2# 0-1

[Event "Sparkassen-Open B"]
[Site "Heusenstamm, Martinsee"]
[Date "2019.11.21"]
[Round "1.61"]
[White "Probstfeld, Bernd"]
[Black "Wohlgemuth, Wolfgang"]
[Result "1-0"]
[WhiteElo "1531"]
[BlackElo "1190"]
[PlyCount "69"]
[EventDate "2019.??.??"]
[WhiteTeam "SG Pieroth"]
[BlackTeam "TG Biberach"]

1. d4 Nf6 2. Nf3 e6 3. c4 c5 4. e3 b6 5. Nc3 Bb7 6. Be2 Be7 7. O-O O-O 8. d5
exd5 9. cxd5 Bd6 10. e4 Ng4 11. g3 Re8 12. Qc2 Na6 13. a3 Nc7 14. Re1 a6 15.
Nh4 Ne5 16. Nf5 Qf6 17. f4 g6 18. Nxd6 Qxd6 19. fxe5 Qxe5 20. Bf4 Qd4+ 21. Kh1
Nxd5 22. Nxd5 Rxe4 23. Bf3 Rxe1+ 24. Rxe1 Bxd5 25. Bxd5 Qxd5+ 26. Kg1 c4 27.
Qc3 Qc5+ 28. Be3 Qa5 29. Qxa5 bxa5 30. Rd1 Rd8 31. Bb6 Rb8 32. Bxa5 Rxb2 33.
Rxd7 Rb5 34. Bc3 Rb3 35. Rd8# 1-0

[Event "Sparkassen-Open B"]
[Site "Heusenstamm, Martinsee"]
[Date "2019.11.21"]
[Round "1.62"]
[White "Krasowitzki, Jan"]
[Black "von Beckh, Frieda"]
[Result "1-0"]
[WhiteElo "1173"]
[BlackElo "1415"]
[PlyCount "63"]
[EventDate "2019.??.??"]
[WhiteTeam "VSG Offenbach"]
[BlackTeam "SK Bad Homburg"]

1. d4 d5 2. c4 e6 3. Nc3 Nf6 4. Bg5 Nbd7 5. Nf3 Be7 6. cxd5 exd5 7. e3 O-O 8.
Bd3 c5 9. O-O b6 10. e4 dxe4 11. Nxe4 Nxe4 12. Bxe4 Rb8 13. Bf4 Bb7 14. Bxb8
Bxe4 15. Be5 Bf6 16. Nd2 cxd4 17. Bxd4 Bxd4 18. Nxe4 Bxb2 19. Rb1 Be5 20. Rb3
Re8 21. Rd3 Qh4 22. f4 Bxf4 23. g3 Bxg3 24. hxg3 Qxe4 25. Rxd7 Qe6 26. Rf3 Qxa2
27. Rd8 Qe6 28. Rxe8+ Qxe8 29. Rd3 Qe7 30. Rd8+ Qf8 31. Rxf8+ Kxf8 32. Qd8# 1-0

[Event "Sparkassen-Open B"]
[Site "Heusenstamm, Martinsee"]
[Date "2019.11.21"]
[Round "1.63"]
[White "Englert, Lin"]
[Black "Merz, Leander"]
[Result "1-0"]
[WhiteElo "1498"]
[BlackElo "1164"]
[PlyCount "69"]
[EventDate "2019.??.??"]
[WhiteTeam "TV-Großostheim"]
[BlackTeam "Schachforum Darmstadt"]

1. d4 e6 2. c4 Nf6 3. Nc3 c5 4. Nf3 d5 5. cxd5 exd5 6. Bg5 h6 7. Bf4 Nc6 8.
dxc5 Bxc5 9. e3 Be6 10. Bd3 Qb6 11. Qc2 d4 12. exd4 Bxd4 13. a3 O-O-O 14. O-O
Bxc3 15. bxc3 Bb3 16. Bf5+ Be6 17. Bxe6+ fxe6 18. Rfe1 Rhe8 19. Nd4 Nxd4 20.
cxd4+ Qc6 21. Qxc6+ bxc6 22. Be5 Re7 23. Rec1 Kd7 24. Rab1 Rc8 25. Rb4 Rf7 26.
Ra4 Ke8 27. Ra6 Rb7 28. h3 Kd7 29. Rc3 Ne4 30. Rf3 Ng5 31. Rg3 Ra8 32. f4 Ne4
33. Rxg7+ Kc8 34. Rg8+ Kd7 35. Rxa8 1-0

[Event "Sparkassen-Open B"]
[Site "Heusenstamm, Martinsee"]
[Date "2019.11.21"]
[Round "1.64"]
[White "Lochmann, Tobias"]
[Black "Pidgora, Andrejs"]
[Result "0-1"]
[WhiteElo "1158"]
[BlackElo "1546"]
[PlyCount "24"]
[EventDate "2019.??.??"]
[WhiteTeam "SV Groß-Gerau"]
[BlackTeam "Riga Chess School"]

1. c4 e6 2. Nc3 Nf6 3. Nf3 d5 4. b3 c6 5. d4 Nbd7 6. g3 Bb4 7. Bd2 O-O 8. Bg2
Bxc3 9. Bxc3 Ne4 10. O-O Nxc3 11. Qc1 Nxe2+ 12. Kh1 Nxc1 0-1

[Event "Sparkassen-Open B"]
[Site "Heusenstamm, Martinsee"]
[Date "2019.11.21"]
[Round "1.65"]
[White "Schmid, Leon"]
[Black "Laux, Filip"]
[Result "1/2-1/2"]
[WhiteElo "1546"]
[BlackElo "1129"]
[PlyCount "67"]
[EventDate "2019.??.??"]
[WhiteTeam "SF Heidesheim"]
[BlackTeam "VSG Offenbach"]

1. d4 d5 2. Bf4 Nf6 3. e3 Bf5 4. Bd3 Bg6 5. Ne2 e6 6. O-O Bd6 7. Bxd6 Qxd6 8.
c4 c6 9. Nbc3 Nbd7 10. b3 O-O 11. Rc1 Rfe8 12. Nf4 Rac8 13. Qd2 Nh5 14. Bxg6
hxg6 15. Nxh5 gxh5 16. Qe2 Nf6 17. Rfd1 Ng4 18. g3 g6 19. e4 b6 20. e5 Qe7 21.
Qd2 Kg7 22. cxd5 cxd5 23. Nb5 Red8 24. Nd6 Rxc1 25. Rxc1 f6 26. Qb4 Rd7 27. h3
fxe5 28. hxg4 Qxd6 29. Qxd6 Rxd6 30. dxe5 Rd7 31. gxh5 gxh5 32. f4 Kg6 33. Kf2
Kf5 34. Kf3 1/2-1/2

[Event "Sparkassen-Open B"]
[Site "Heusenstamm, Martinsee"]
[Date "2019.11.21"]
[Round "1.66"]
[White "Matsoukas, Konstantinos"]
[Black "Dehmel, Manfred"]
[Result "0-1"]
[WhiteElo "1069"]
[BlackElo "1545"]
[PlyCount "120"]
[EventDate "2019.??.??"]
[WhiteTeam "Frankfurter TV"]
[BlackTeam "SC Königsspringer Alzenau"]

1. d4 d5 2. c4 e6 3. e3 Nf6 4. Nc3 c5 5. Nf3 Nc6 6. Bd3 cxd4 7. exd4 b6 8. O-O
Ba6 9. Qe2 Nb4 10. b3 Rc8 11. Nb5 Bxb5 12. cxb5 Nxd3 13. Qxd3 Ne4 14. Bb2 Bb4
15. a3 Bc3 16. Bxc3 Rxc3 17. Qd1 O-O 18. Ne5 Qc7 19. Nc6 a6 20. a4 Ra8 21. Rc1
axb5 22. Rxc3 Nxc3 23. Qc2 Qxc6 24. axb5 Qc7 25. Rc1 Rc8 26. Kf1 Nxb5 27. Qxc7
Rxc7 28. Ra1 g6 29. Ra4 Rc6 30. Ke1 h5 31. h3 Kg7 32. g4 hxg4 33. hxg4 Kh6 34.
f4 f6 35. Kf2 g5 36. Kf3 Rc3+ 37. Kf2 Rxb3 38. fxg5+ Kxg5 39. Ra6 Nxd4 40. Ra4
e5 41. Ra8 Kxg4 42. Rg8+ Kf5 43. Rd8 Rb5 44. Rh8 e4 45. Rh5+ Ke6 46. Ke3 Nf5+
47. Ke2 d4 48. Kd2 d3 49. Rh3 Rc5 50. Rh1 Rc2+ 51. Kd1 e3 52. Re1 e2+ 53. Rxe2+
Rxe2 54. Kc1 Nd4 55. Kd1 Ke5 56. Kc1 Ke4 57. Kd1 Ke3 58. Kc1 d2+ 59. Kb2 d1=Q+
60. Kc3 Qb3# 0-1

[Event "Sparkassen-Open B"]
[Site "Heusenstamm, Martinsee"]
[Date "2019.11.21"]
[Round "1.68"]
[White "Kehrein, Lothar"]
[Black "Spinnler, Wolfgang"]
[Result "0-1"]
[WhiteElo "981"]
[BlackElo "1541"]
[PlyCount "54"]
[EventDate "2019.??.??"]
[WhiteTeam "SK Gau-Algesheim"]
[BlackTeam "SC Landskrone"]

1. e4 c5 2. Nc3 b6 3. Bc4 Bb7 4. Nge2 g6 5. O-O Bg7 6. d3 d6 7. Be3 Nf6 8. a3
O-O 9. Qd2 Nbd7 10. f4 Ng4 11. f5 Nxe3 12. Qxe3 Ne5 13. fxg6 Nxg6 14. Nf4 Bd4
15. Qxd4 cxd4 16. Nce2 e6 17. Nxg6 hxg6 18. Rf3 d5 19. exd5 Bxd5 20. Bxd5 Qxd5
21. Raf1 Rac8 22. c3 dxc3 23. Nxc3 Qd4+ 24. Kh1 Rc5 25. Ne4 Rf5 26. Ng3 Rxf3
27. Rxf3 Rc8 0-1

[Event "Sparkassen-Open B"]
[Site "Heusenstamm, Martinsee"]
[Date "2019.11.21"]
[Round "1.69"]
[White "Ketting, Douwe"]
[Black "Moissl, Julian"]
[Result "1-0"]
[WhiteElo "1534"]
[BlackElo "915"]
[PlyCount "49"]
[EventDate "2019.??.??"]
[WhiteTeam "SC Somborn"]
[BlackTeam "SK Bad Homburg"]

1. b4 e5 2. Bb2 Nc6 3. b5 Nce7 4. Bxe5 Ng6 5. Bb2 Nf6 6. e3 Bb4 7. a3 Ba5 8. c4
O-O 9. Nf3 d6 10. Be2 Bf5 11. Nd4 Qd7 12. O-O Rfe8 13. Nxf5 Qxf5 14. d4 Re7 15.
Bd3 Qg5 16. f4 Qg4 17. Qxg4 Nxg4 18. e4 Rae8 19. e5 dxe5 20. fxe5 Ne3 21. Rf3
Ng4 22. h3 Nh6 23. Nc3 f6 24. Nd5 Rd7 25. exf6 1-0

[Event "Sparkassen-Open B"]
[Site "Heusenstamm, Martinsee"]
[Date "2019.11.21"]
[Round "1.70"]
[White "Jansen, Malte"]
[Black "Wöhl, Torsten"]
[Result "1-0"]
[WhiteElo "790"]
[BlackElo "1522"]
[PlyCount "65"]
[EventDate "2019.??.??"]
[WhiteTeam "SC Herborn"]
[BlackTeam "SC Groß-Zimmern"]

1. e4 e6 2. Nf3 d5 3. Nc3 Nf6 4. e5 Nfd7 5. Bb5 c6 6. Ba4 Nc5 7. d4 Nxa4 8.
Nxa4 Nd7 9. Bf4 Qa5+ 10. Nc3 Bb4 11. Bd2 O-O 12. O-O f6 13. a3 Be7 14. Re1 a6
15. Qe2 Qc7 16. Bf4 f5 17. Rad1 Rf7 18. Ng5 Bxg5 19. Bxg5 Nf8 20. f4 Ng6 21.
Rd3 h6 22. Qh5 hxg5 23. Qxg6 g4 24. Ne2 Bd7 25. h3 Be8 26. Qxe6 Kf8 27. Qg6 c5
28. hxg4 fxg4 29. Rg3 cxd4 30. Nxd4 Rxf4 31. Ne6+ Kg8 32. Qxe8+ Rxe8 33. Nxc7
1-0

[Event "Sparkassen-Open B"]
[Site "Heusenstamm, Martinsee"]
[Date "2019.11.21"]
[Round "1.74"]
[White "Piepenhagen, Eric"]
[Black "Eremenko, Christian"]
[Result "1-0"]
[WhiteElo "1581"]
[BlackElo "1768"]
[PlyCount "71"]
[EventDate "2019.??.??"]
[WhiteTeam "SG Rödermark"]
[BlackTeam "SV Großauheim"]

1. b4 d5 2. Bb2 Nf6 3. Nf3 Bg4 4. e3 e6 5. a3 a5 6. b5 c6 7. c4 Qb6 8. Nc3 Be7
9. d4 O-O 10. c5 Qd8 11. b6 Ne4 12. h3 Bh5 13. Be2 Nxc3 14. Bxc3 Bxf3 15. Bxf3
e5 16. e4 dxe4 17. Bxe4 f5 18. Bc2 Qd5 19. Bb3 Nd7 20. Bxd5+ cxd5 21. dxe5 Nxc5
22. Qxd5+ Kh8 23. O-O Rad8 24. Qa2 Ne4 25. Bxa5 Ra8 26. Qd5 Rfd8 27. Qxb7 Bc5
28. Bb4 Rab8 29. Qf7 Rf8 30. Qa2 Rxb6 31. Bxc5 Nxc5 32. Rab1 Re6 33. f4 Rfe8
34. Qc2 Ne4 35. Rfe1 Nd6 36. exd6 1-0

[Event "Sparkassen-Open B"]
[Site "Heusenstamm, Martinsee"]
[Date "2019.11.22"]
[Round "2.1"]
[White "Weyerer, Noah"]
[Black "Stosberg, Marc"]
[Result "1-0"]
[WhiteElo "1362"]
[BlackElo "1798"]
[PlyCount "22"]
[EventDate "2019.??.??"]
[WhiteTeam "SV Oberursel"]
[BlackTeam "Sfr. Mörfelden"]

1. d4 d5 2. Bf4 c5 3. e3 cxd4 4. exd4 Nc6 5. c3 Nf6 6. Bd3 Bg4 7. Qb3 Qd7 8.
Nd2 e6 9. Ngf3 Bd6 10. Bg3 Bxg3 11. hxg3 O-O {Handy...} 1-0

[Event "Sparkassen-Open B"]
[Site "Heusenstamm, Martinsee"]
[Date "2019.11.22"]
[Round "2.2"]
[White "Dietl, Harald"]
[Black "Baumann, Ralf-Rüdiger"]
[Result "0-1"]
[WhiteElo "1792"]
[BlackElo "1600"]
[PlyCount "84"]
[EventDate "2019.??.??"]
[WhiteTeam "SK Abensberg"]
[BlackTeam "SVG Konstanz"]

1. e4 e5 2. Nf3 Nc6 3. d4 exd4 4. Nxd4 Nf6 5. Nc3 Bb4 6. Nxc6 bxc6 7. Bd3 d5 8.
exd5 cxd5 9. O-O O-O 10. Bg5 c6 11. Qf3 Be7 12. h3 h6 13. Bd2 Be6 14. Ne2 c5
15. c3 Rb8 16. b3 c4 17. Bc2 Bd6 18. Be3 a5 19. Nd4 Qc8 20. Bxh6 Be5 21. Bf4
Bxf4 22. Qxf4 cxb3 23. axb3 Qxc3 24. Rac1 Rb4 25. Rcd1 Qxc2 26. Rd2 Qxb3 27.
Qe5 Qc3 28. Rfd1 Qc8 29. Rc2 Qb8 30. Qg5 Rb1 31. Rxb1 Qxb1+ 32. Kh2 Qb8+ 33. g3
Rc8 34. Re2 Ne4 35. Qh4 Rc4 36. Nxe6 fxe6 37. Qe7 Qc8 38. h4 Rc7 39. Qa3 Rc2
40. Qe3 Rxe2 41. Qxe2 Qc5 42. Kg2 Qxf2+ 0-1

[Event "Sparkassen-Open B"]
[Site "Heusenstamm, Martinsee"]
[Date "2019.11.22"]
[Round "2.3"]
[White "Denz, Markus"]
[Black "Jordake, Michael"]
[Result "1-0"]
[WhiteElo "1400"]
[BlackElo "1789"]
[PlyCount "145"]
[EventDate "2019.??.??"]
[WhiteTeam "SC Hattersheim"]
[BlackTeam "SC Bergen-Enkheim"]

1. d4 Nf6 2. c4 e5 3. dxe5 Ng4 4. Bf4 Nc6 5. Nf3 Bb4+ 6. Nbd2 Qe7 7. e3 Ngxe5
8. Nxe5 Nxe5 9. Be2 O-O 10. O-O Bxd2 11. Qxd2 d6 12. Qc3 Re8 13. Rac1 b6 14. b4
c5 15. Rfd1 Bb7 16. bxc5 dxc5 17. Bxe5 Qxe5 18. Qxe5 Rxe5 19. Rd7 Bc6 20. Rc7
Be4 21. Rd1 a5 22. Rdd7 Rf8 23. f4 Ree8 24. Kf2 Re6 25. Bf3 g6 26. Re7 Rxe7 27.
Rxe7 Bxf3 28. Kxf3 Rd8 29. Rb7 Rd6 30. a4 Kg7 31. Ke4 Re6+ 32. Kd5 Rxe3 33.
Rxb6 Ra3 34. Kxc5 Rxa4 35. Kd5 Ra2 36. Ra6 a4 37. c5 a3 38. c6 Rd2+ 39. Kc4 Rd6
40. Kb3 Rd3+ 41. Kb4 Rd6 42. Kxa3 Kf8 43. Kb4 Ke7 44. Kc5 Rd2 45. Ra4 f5 46. g3
h5 47. Rd4 Rc2+ 48. Kd5 Rxh2 49. c7 Kd7 50. Rc4 Rd2+ 51. Ke5 Re2+ 52. Kf6 Re6+
53. Kf7 Re7+ 54. Kxg6 Kc8 55. Kxf5 Rg7 56. Rc3 Rg4 57. Ke6 h4 58. gxh4 Rxf4 59.
h5 Rh4 60. Rc5 Rh1 61. Kf6 Rh2 62. Kg6 Rg2+ 63. Kf5 Rf2+ 64. Kg4 Rg2+ 65. Kh3
Rg1 66. Kh2 Rg4 67. Rc3 Rh4+ 68. Rh3 Rc4 69. h6 Rc2+ 70. Kg1 Rc1+ 71. Kf2 Rc2+
72. Ke1 Rxc7 73. h7 1-0

[Event "Sparkassen-Open B"]
[Site "Heusenstamm, Martinsee"]
[Date "2019.11.22"]
[Round "2.4"]
[White "Lanz, Udo"]
[Black "Piepenhagen, Eric"]
[Result "1/2-1/2"]
[WhiteElo "1787"]
[BlackElo "1581"]
[PlyCount "70"]
[EventDate "2019.??.??"]
[WhiteTeam "VSG Offenbach"]
[BlackTeam "SG Rödermark"]

1. e4 g6 2. d4 Bg7 3. c3 d6 4. f3 e5 5. d5 f5 6. Bb5+ Bd7 7. Bxd7+ Qxd7 8. Be3
Ne7 9. Nh3 f4 10. Bf2 h6 11. Qb3 b6 12. Nd2 Na6 13. Qc2 g5 14. Ng1 Qb5 15. Ne2
Nc5 16. c4 Qa6 17. Nc3 Qb7 18. h4 Kf7 19. O-O-O a6 20. g3 Ng6 21. Rdg1 fxg3 22.
Bxg3 Nf4 23. Bxf4 gxf4 24. Nb3 Rhg8 25. Rg2 Raf8 26. Rhg1 Qc8 27. Nxc5 bxc5 28.
Qa4 Bf6 29. h5 Rg5 30. Rxg5 Bxg5 31. Qc6 Ke7 32. Nd1 Rd8 33. Nf2 a5 34. Ng4 Qd7
35. Qxd7+ Kxd7 1/2-1/2

[Event "Sparkassen-Open B"]
[Site "Heusenstamm, Martinsee"]
[Date "2019.11.22"]
[Round "2.5"]
[White "Traut, Stefan"]
[Black "Plattner, Rolf"]
[Result "1/2-1/2"]
[WhiteElo "1585"]
[BlackElo "1787"]
[PlyCount "29"]
[EventDate "2019.??.??"]
[WhiteTeam "SF Heusenstamm"]
[BlackTeam "SK Langen"]

1. d4 Nf6 2. Nf3 e6 3. c4 b6 4. g3 Ba6 5. b3 Bb4+ 6. Bd2 Bxd2+ 7. Nbxd2 Bb7 8.
Bg2 O-O 9. O-O d5 10. Rc1 dxc4 11. Nxc4 Na6 12. Nce5 c5 13. dxc5 Nxc5 14. Qxd8
Raxd8 15. Rfd1 1/2-1/2

[Event "Sparkassen-Open B"]
[Site "Heusenstamm, Martinsee"]
[Date "2019.11.22"]
[Round "2.6"]
[White "Kirchner, Stefan"]
[Black "Bauer, Ottmar"]
[Result "1-0"]
[WhiteElo "1575"]
[BlackElo "1782"]
[PlyCount "95"]
[EventDate "2019.??.??"]
[WhiteTeam "SF Schöneck"]
[BlackTeam "TSV Rottendorf"]

1. e4 c6 2. Nc3 d5 3. Nf3 dxe4 4. Nxe4 Nf6 5. Nxf6+ gxf6 6. d4 Bf5 7. Bd3 Bxd3
8. Qxd3 e6 9. Be3 Nd7 10. O-O-O Qa5 11. Kb1 O-O-O 12. Rhe1 Bg7 13. Qb3 Nb6 14.
Rd2 Nd5 15. Red1 h5 16. Rd3 Nxe3 17. fxe3 Qb6 18. Qxb6 axb6 19. c4 Rd7 20. Kc2
Rhd8 21. e4 c5 22. d5 Kc7 23. b3 Rd6 24. h3 Rg8 25. dxe6 Rxd3 26. exf7 Rf8 27.
Rxd3 Rxf7 28. Rd5 Re7 29. Kd3 Rd7 30. Nh4 Bh6 31. Nf5 Bf4 32. Ke2 Rxd5 33. exd5
Be5 34. Ng7 b5 35. Nxh5 Kb6 36. Kd3 Ka5 37. Ng7 bxc4+ 38. Kxc4 Bd6 39. Nf5 b5+
40. Kd3 Bf8 41. d6 Kb6 42. h4 Kc6 43. h5 Kd7 44. h6 Bxh6 45. Nxh6 Kxd6 46. Ng4
Ke6 47. Ne3 Ke5 48. a4 1-0

[Event "Sparkassen-Open B"]
[Site "Heusenstamm, Martinsee"]
[Date "2019.11.22"]
[Round "2.7"]
[White "Goff, Simon"]
[Black "Wu, Sifan"]
[Result "1-0"]
[WhiteElo "1780"]
[BlackElo "1574"]
[PlyCount "99"]
[EventDate "2019.??.??"]
[WhiteTeam "SK Gießen"]
[BlackTeam "SV Oberursel"]

1. d4 d5 2. Bf4 Nf6 3. e3 Bf5 4. c4 c6 5. Nc3 e6 6. Qb3 Qb6 7. c5 Qxb3 8. axb3
Nbd7 9. Nf3 Be7 10. b4 O-O 11. b5 Nh5 12. Be2 Nxf4 13. exf4 cxb5 14. Bxb5 Nb8
15. O-O a6 16. Rfe1 Nc6 17. Bxc6 bxc6 18. Ne5 Rfc8 19. g4 Bc2 20. Rec1 Bg6 21.
Na4 Ra7 22. Nb6 Rcc7 23. Ra3 Bf6 24. Rca1 Bxe5 25. fxe5 h6 26. Rxa6 Rxa6 27.
Rxa6 Bd3 28. Ra3 Be2 29. f3 Kh7 30. Kf2 Bb5 31. Ke3 g5 32. Ra8 Kg7 33. b3 Bf1
34. Kf2 Bd3 35. Kg3 Bc2 36. b4 Bd3 37. Ra3 Bb5 38. f4 Kg6 39. h4 gxf4+ 40. Kxf4
Be2 41. Re3 Bb5 42. Rg3 Kg7 43. h5 Be2 44. Re3 Bd1 45. Rd3 Bc2 46. Rc3 Be4 47.
g5 hxg5+ 48. Kxg5 Bb1 49. b5 cxb5 50. Rb3 1-0

[Event "Sparkassen-Open B"]
[Site "Heusenstamm, Martinsee"]
[Date "2019.11.22"]
[Round "2.8"]
[White "Emrich, Franz"]
[Black "Lasschuit, Rene"]
[Result "0-1"]
[WhiteElo "1572"]
[BlackElo "1761"]
[PlyCount "58"]
[EventDate "2019.??.??"]
[WhiteTeam "SC Lambsheim"]
[BlackTeam "SV Berolina Mitte"]

1. d4 d5 2. c4 dxc4 3. e4 c5 4. d5 Nf6 5. Nc3 b5 6. e5 b4 7. exf6 bxc3 8. bxc3
Qa5 9. Bd2 Nd7 10. fxe7 Bxe7 11. Bxc4 Nb6 12. Qe2 Nxc4 13. Qxc4 O-O 14. Ne2 Re8
15. O-O Ba6 16. Qg4 Rad8 17. Qf3 Bxe2 18. Qxe2 Bg5 19. Qd3 c4 20. Qc2 Re2 21.
Rad1 Rxd5 22. Rfe1 Rde5 23. Rxe2 Rxe2 24. Qc1 Qb6 25. Be3 Bxe3 26. fxe3 h6 27.
Kf1 Rxa2 28. Qb1 Qf6+ 29. Kg1 Qf2+ 0-1

[Event "Sparkassen-Open B"]
[Site "Heusenstamm, Martinsee"]
[Date "2019.11.22"]
[Round "2.9"]
[White "Lorenz, Alexander"]
[Black "Behr, Julian"]
[Result "0-1"]
[WhiteElo "1759"]
[BlackElo "1562"]
[PlyCount "70"]
[EventDate "2019.??.??"]
[WhiteTeam "SV Bergwinkel"]
[BlackTeam "SC Landskrone"]

1. e4 e5 2. Nf3 Nc6 3. d4 exd4 4. Bc4 Nf6 5. e5 d5 6. Bb5 Ne4 7. Nxd4 Bd7 8.
Nxc6 bxc6 9. Bd3 Nc5 10. O-O Rb8 11. Nc3 Be7 12. Be3 O-O 13. a3 a5 14. Rb1 Re8
15. f4 Rb7 16. f5 Bf8 17. f6 Nxd3 18. Qxd3 Rxe5 19. Bd4 Rg5 20. Qf3 Be6 21.
fxg7 Bxg7 22. Bxg7 Rxg7 23. b3 Qd6 24. a4 Rb4 25. Rbe1 Rbg4 26. Rf2 Rh4 27. g3
Rh6 28. Ne2 Qb4 29. c3 Qd6 30. Nd4 Qd7 31. Nf5 Bxf5 32. Qxf5 Re6 33. Rxe6 Qxe6
34. Re2 Rxg3+ 35. hxg3 Qxf5 0-1

[Event "Sparkassen-Open B"]
[Site "Heusenstamm, Martinsee"]
[Date "2019.11.22"]
[Round "2.10"]
[White "Stepanov, Maximilian"]
[Black "Bengsch, Norbert"]
[Result "1/2-1/2"]
[WhiteElo "1561"]
[BlackElo "1742"]
[PlyCount "70"]
[EventDate "2019.??.??"]
[WhiteTeam "SK Gräfelfing"]
[BlackTeam "SG Donautal Tuttlingen"]

1. d4 Nf6 2. Bg5 Ne4 3. Bf4 c5 4. e3 Qb6 5. Nc3 Qa5 6. Qd3 Nxc3 7. Qxc3 Qxc3+
8. bxc3 e6 9. Nf3 d5 10. Be2 Nc6 11. O-O c4 12. Ne5 Nxe5 13. Bxe5 f6 14. Bg3 f5
15. Be5 Rg8 16. f3 g5 17. e4 f4 18. Rfe1 Bd7 19. Bf1 O-O-O 20. a4 Bc6 21. a5
Bg7 22. exd5 Bxd5 23. Ra4 Bxe5 24. Rxe5 g4 25. Kf2 Rd6 26. Bxc4 gxf3 27. gxf3
Kd7 28. Bxd5 Rxd5 29. Rxd5+ exd5 30. c4 dxc4 31. Rxc4 Rg5 32. Ra4 Rb5 33. Kg2
Rb2 34. Rc4 Rb5 35. Ra4 Rb2 1/2-1/2

[Event "Sparkassen-Open B"]
[Site "Heusenstamm, Martinsee"]
[Date "2019.11.22"]
[Round "2.11"]
[White "Taskor, Erkan"]
[Black "Probstfeld, Bernd"]
[Result "0-1"]
[WhiteElo "1730"]
[BlackElo "1531"]
[PlyCount "40"]
[EventDate "2019.??.??"]
[WhiteTeam "Niederräder TG"]
[BlackTeam "SG Pieroth"]

1. d4 Nf6 2. Nf3 g6 3. Bf4 Bg7 4. e3 O-O 5. Be2 d5 6. h3 e6 7. O-O Nbd7 8. Nbd2
b6 9. c3 Bb7 10. a4 c5 11. a5 a6 12. dxc5 bxc5 13. Qa4 Re8 14. Rfd1 Qc8 15.
Rac1 Bc6 16. Qc2 Qb7 17. Nb3 Ba4 18. Nxc5 Nxc5 19. b3 Bxb3 20. Qb2 Bxd1 0-1

[Event "Sparkassen-Open B"]
[Site "Heusenstamm, Martinsee"]
[Date "2019.11.22"]
[Round "2.12"]
[White "Lietz, Helmuth"]
[Black "Schwenk, Stefan"]
[Result "1/2-1/2"]
[WhiteElo "1519"]
[BlackElo "1723"]
[PlyCount "39"]
[EventDate "2019.??.??"]
[WhiteTeam "SC Taunusstein"]
[BlackTeam "SK Geisenheim"]

1. d4 d5 2. Bf4 e6 3. Nf3 Nf6 4. Nc3 a6 5. a3 Nbd7 6. e3 c5 7. dxc5 Nxc5 8. b4
Nce4 9. Nxe4 Nxe4 10. Bd3 Bd6 11. Bxd6 Nxd6 12. O-O Qf6 13. Qe2 Bd7 14. c4 dxc4
15. Bc2 Bc6 16. Nd4 Bd5 17. Rad1 c3 18. Bb3 Bxb3 19. Nxb3 Nb5 20. a4 1/2-1/2